[Event "CHN-ch Gp-B"]
[Site "Liaocheng"]
[Date "2024.04.22"]
[Round "3"]
[White "Zhou, Yuxu"]
[Black "Li, Haoyu"]
[Result "1/2-1/2"]
[WhiteElo "1789"]
[BlackElo "2233"]
[PlyCount "96"]
[EventDate "2024.04.21"]
[EventType "swiss"]
[EventRounds "11"]
[EventCountry "CHN"]
[SourceTitle "CB18_2024"]
[SourceDate "2024.05.01"]
[SourceVersion "1"]
[SourceVersionDate "2024.05.01"]
[SourceQuality "2"]

1. Nf3 Nf6 2. g3 g6 3. Bg2 Bg7 4. 0-0 0-0 5. c4 d5 6. cxd5 Nxd5 7. Nc3 c5 8. d4 Nxc3 9. bxc3 Nc6 10. Bb2 Be6 11. Qa4 h6 12. Rfd1 Qa5 13. Qxa5 Nxa5 14. Nd2 Rac8 15. Rac1 b6 16. d5 Bd7 17. e4 e6 18. Re1 exd5 19. exd5 Rfe8 20. Ba1 Rxe1+ 21. Rxe1 Kf8 22. c4 Bxa1 23. Rxa1 Nb7 24. Be4 Nd6 25. Bd3 b5 26. Ne4 Nxe4 27. Bxe4 Ke7 28. Bd3 bxc4 29. Bxc4 Kd6 30. Rb1 g5 31. f3 Bf5 32. Rb7 Rc7 33. Rxc7 Kxc7 34. Kf2 Kd6 35. Ke3 f6 36. g4 Bg6 37. f4 Bf7 38. fxg5 hxg5 39. Ke4 Bg6+ 40. Ke3 Ke5 41. Bb3 Be8 42. Kd3 Bb5+ 43. Bc4 Bd7 44. h3 Be8 45. Ke3 Bd7 46. Kd3 Be8 47. Ke3 Bd7 48. Kd3 Be8 1/2-1/2

[Event "Belt and Road op 3rd"]
[Site "Qinhuangdao"]
[Date "2023.11.23"]
[Round "7"]
[White "Atabayev, Maksat"]
[Black "Li, Haoyu"]
[Result "1-0"]
[WhiteElo "2437"]
[BlackElo "2275"]
[PlyCount "103"]
[EventDate "2023.11.19"]
[EventType "swiss"]
[EventRounds "9"]
[EventCountry "CHN"]
[SourceTitle "CB48_2023"]
[SourceDate "2023.11.29"]
[SourceVersion "1"]
[SourceVersionDate "2023.11.29"]
[SourceQuality "1"]

1. e4 e5 2. Nf3 Nf6 3. Nxe5 Nxe4 4. Qe2 Qe7 5. Qxe4 d6 6. d4 dxe5 7. dxe5 Nc6 8. Nc3 Qxe5 9. Qxe5+ Nxe5 10. Nb5 Bb4+ 11. c3 Ba5 12. Bf4 f6 13. Bxe5 fxe5 14. Na3 c6 15. Nc4 Bc7 16. Be2 Ke7 17. Ne3 h5 18. Bd3 Kf6 19. h3 Bd7 20. Ke2 Rad8 21. Rhd1 Be8 22. b4 Bf7 23. a4 Rhe8 24. Be4 Rxd1 25. Rxd1 Rd8 26. Rb1 Rd7 27. h4 g6 28. g4 hxg4 29. Nxg4+ Ke7 30. Ne3 Kf6 31. a5 a6 32. Rg1 Rd8 33. Ng4+ Kg7 34. h5 gxh5 35. Nxe5+ Kf6 36. Nxf7 Kxf7 37. Bg6+ Kf6 38. Bxh5 Be5 39. Rc1 c5 40. Bf3 cxb4 41. cxb4 Rd4 42. b5 Rb4 43. b6 Rb2+ 44. Ke1 Bd4 45. Bxb7 Bxf2+ 46. Kf1 Be3 47. Rc6+ Ke7 48. Bxa6 Bd2 49. Rc5 Kd6 50. Rf5 Ke6 51. Bc8+ Kd6 52. a6 1-0

[Event "Tianjin Binhai Cup-A 3rd"]
[Site "Tianjin"]
[Date "2023.08.23"]
[Round "6"]
[White "Gong, Sunle"]
[Black "Li, Haoyu"]
[Result "1-0"]
[WhiteElo "2014"]
[BlackElo "2372"]
[PlyCount "67"]
[EventDate "2023.08.20"]
[EventType "swiss"]
[EventRounds "9"]
[EventCountry "CHN"]
[SourceTitle "CBM 215 Extra"]
[Source "ChessBase"]
[SourceDate "2023.09.30"]
[SourceVersion "1"]
[SourceVersionDate "2023.09.30"]
[SourceQuality "1"]

1. d4 Nf6 2. c4 g6 3. f3 d5 4. cxd5 Nxd5 5. e4 Nb6 6. Nc3 Bg7 7. Be3 c6 8. Qd2 e5 9. d5 cxd5 10. exd5 Na6 11. 0-0-0 Bd7 12. Nh3 Rc8 13. Nf2 0-0 14. Kb1 Nc4 15. Bxc4 Rxc4 16. g4 e4 17. Nfxe4 f5 18. d6 Kh8 19. Qd5 Qc8 20. Ng5 Rb4 21. Bd4 Bxd4 22. Rxd4 Qxc3 23. Qe5+ Kg8 24. Qd5+ Kg7 25. Qe5+ Kh6 26. Nf7+ Rxf7 27. g5+ Kh5 28. Rh4+ Rxh4 29. bxc3 f4 30. Ka1 Bf5 31. Qe8 Rd7 32. Qf8 Kxg5 33. Rg1+ Kh5 34. Qf6 1-0

[Event "Tianjin Binhai Cup-A 3rd"]
[Site "Tianjin"]
[Date "2023.08.21"]
[Round "3"]
[White "Li, Haoyu"]
[Black "Chen, Zimu"]
[Result "1/2-1/2"]
[WhiteElo "2372"]
[BlackElo "1899"]
[PlyCount "51"]
[EventDate "2023.08.20"]
[EventType "swiss"]
[EventRounds "9"]
[EventCountry "CHN"]
[SourceTitle "CBM 215 Extra"]
[Source "ChessBase"]
[SourceDate "2023.09.30"]
[SourceVersion "1"]
[SourceVersionDate "2023.09.30"]
[SourceQuality "1"]

1. d4 Nf6 2. Nf3 g6 3. g3 Bg7 4. Bg2 0-0 5. 0-0 d5 6. c4 dxc4 7. Na3 Nc6 8. Nxc4 Be6 9. b3 Qc8 10. Bb2 Rd8 11. Qc1 Bh3 12. Rd1 Bxg2 13. Kxg2 Qf5 14. Qg5 a5 15. Qxf5 gxf5 16. a4 Ne4 17. Rac1 Nb4 18. Ba3 b6 19. Ne3 Bh6 20. Nxf5 Bxc1 21. Rxc1 Nd5 22. Bxe7 Re8 23. Nh6+ Kg7 24. Nf5+ Kg8 25. Nh6+ Kg7 26. Nf5+ 1/2-1/2

[Event "Tianjin Binhai Cup-A 3rd"]
[Site "Tianjin"]
[Date "2023.08.20"]
[Round "1"]
[White "Li, Haoyu"]
[Black "Hu, Zehua"]
[Result "1/2-1/2"]
[WhiteElo "2372"]
[BlackElo "1965"]
[PlyCount "61"]
[EventDate "2023.08.20"]
[EventType "swiss"]
[EventRounds "9"]
[EventCountry "CHN"]
[SourceTitle "CBM 215 Extra"]
[Source "ChessBase"]
[SourceDate "2023.09.30"]
[SourceVersion "1"]
[SourceVersionDate "2023.09.30"]
[SourceQuality "1"]

1. d4 Nf6 2. Nf3 d5 3. c4 e6 4. Nc3 Bb4 5. Bg5 Nbd7 6. Bxf6 Bxc3+ 7. bxc3 Nxf6 8. e3 c5 9. Bd3 Qa5 10. 0-0 0-0 11. Qb3 b6 12. Ne5 Bb7 13. Rfc1 Rfd8 14. Qb5 Qxb5 15. cxb5 c4 16. Bc2 a6 17. bxa6 Rxa6 18. a4 Nd7 19. Rab1 Nxe5 20. dxe5 Bc6 21. g4 Bxa4 22. Bxa4 Rxa4 23. Rxb6 Rda8 24. e4 dxe4 25. Re1 Ra3 26. Rxe4 Rxc3 27. Rc6 g5 28. Rexc4 Rxc4 29. Rxc4 Ra5 30. Re4 Kg7 31. Kg2 1/2-1/2

[Event "CHN-chTB"]
[Site "Hefei"]
[Date "2023.04.21"]
[Round "8"]
[White "Li, Haoyu"]
[Black "Zhang, Pengxiang"]
[Result "0-1"]
[WhiteElo "2386"]
[BlackElo "2552"]
[PlyCount "114"]
[EventDate "2023.04.17"]
[EventType "team-swiss"]
[EventRounds "9"]
[EventCountry "CHN"]
[SourceTitle "EXT 2024"]
[Source "ChessBase"]
[SourceDate "2023.10.10"]
[SourceVersion "1"]
[SourceVersionDate "2023.10.10"]
[SourceQuality "1"]
[WhiteTeam "Beijing"]
[BlackTeam "Chongqing Qilin"]
[WhiteTeamCountry "CHN"]
[BlackTeamCountry "CHN"]

1. c4 e5 2. Nc3 Nf6 3. g3 d5 4. cxd5 Nxd5 5. Bg2 Nb6 6. Nf3 Nc6 7. 0-0 Be7 8. d3 0-0 9. Be3 Be6 10. Qc1 Nd5 11. Rd1 f5 12. Nxd5 Bxd5 13. Bc5 Kh8 14. e4 Bg8 15. exf5 Rxf5 16. Bxe7 Qxe7 17. Qe3 Raf8 18. Rd2 Qd6 19. d4 exd4 20. Nxd4 Nxd4 21. Rxd4 Qf6 22. f4 Rb5 23. Qf2 Re8 24. Rd2 h6 25. Rc1 c6 26. a3 a5 27. Bf1 Rb3 28. Bc4 Bxc4 29. Rxc4 Rbe3 30. Rcd4 c5 31. Rd6 Qe7 32. h3 Kh7 33. Kh2 Qe4 34. Qg2 Qb1 35. Rd1 Qf5 36. R6d5 Qf6 37. Qc2+ R8e4 38. R1d2 Qg6 39. Rg2 b6 40. Rd3 Re1 41. Rd1 R1e3 42. Rd3 Re1 43. Rd1 Rxd1 44. Qxd1 Rd4 45. Qe1 c4 46. h4 Qf5 47. Re2 Qd5 48. Qf2 b5 49. Qe3 b4 50. axb4 axb4 51. Kh3 Qf5+ 52. Kg2 Qd7 53. h5 Qd5+ 54. Qf3 c3 55. bxc3 bxc3 56. Qxd5 Rxd5 57. Kf3 Rxh5 0-1

[Event "CHN-chTB"]
[Site "Hefei"]
[Date "2023.04.17"]
[Round "2"]
[White "Li, Haoyu"]
[Black "Chen, Hongsen"]
[Result "1-0"]
[WhiteElo "2386"]
[BlackElo "2002"]
[PlyCount "113"]
[EventDate "2023.04.17"]
[EventType "team-swiss"]
[EventRounds "9"]
[EventCountry "CHN"]
[SourceTitle "EXT 2024"]
[Source "ChessBase"]
[SourceDate "2023.10.10"]
[SourceVersion "1"]
[SourceVersionDate "2023.10.10"]
[SourceQuality "1"]
[WhiteTeam "Beijing"]
[BlackTeam "Suzhou Third Sports"]
[WhiteTeamCountry "CHN"]
[BlackTeamCountry "CHN"]

1. d4 Nf6 2. Nf3 c5 3. c3 b6 4. g3 Bb7 5. Bg2 e6 6. 0-0 Be7 7. Bg5 0-0 8. Nbd2 d5 9. Re1 cxd4 10. Nxd4 Nc6 11. Qa4 Rc8 12. Rad1 Nxd4 13. cxd4 Bc6 14. Qb3 Qd7 15. Rc1 Ba4 16. Qd3 Bb5 17. Qf3 Rxc1 18. Rxc1 Rc8 19. Nb3 Rxc1+ 20. Nxc1 Qc6 21. Qb3 Ne4 22. Be3 f5 23. Qd1 a5 24. h4 Qc4 25. a3 Bd6 26. Nd3 Ba4 27. Qc1 Bc2 28. Ne1 Bb3 29. Nd3 b5 30. Qe1 Qc7 31. Bf4 Bxf4 32. Nxf4 Kf7 33. Nd3 Nd6 34. Nc5 Ba2 35. Qa1 Bc4 36. b3 Bxb3 37. Nxb3 Qc2 38. Nxa5 f4 39. gxf4 Nf5 40. e3 Nxh4 41. Nb7 Qg6 42. Qf1 Nf3+ 43. Kh1 Qh5+ 44. Bh3 Nd2 45. Qg2 Qd1+ 46. Qg1 Qf3+ 47. Kh2 h5 48. Nd8+ Ke7 49. Nxe6 Kd6 50. f5 Ne4 51. Qg2 Qe2 52. f3 Nf2 53. f6 gxf6 54. Qg3+ Ke7 55. Qg7+ Ke8 56. Qf8+ Kd7 57. Qd8+ 1-0

[Event "CHN-chT Div-A Rapid"]
[Site "Fuling"]
[Date "2022.09.08"]
[Round "3.3"]
[White "Xu, Xiangyu"]
[Black "Li, Haoyu"]
[Result "1-0"]
[WhiteElo "2571"]
[BlackElo "2369"]
[PlyCount "87"]
[EventDate "2022.09.06"]
[EventType "team-tourn (rapid)"]
[EventRounds "11"]
[EventCountry "CHN"]
[SourceTitle "CBM 210 Extra"]
[Source "ChessBase"]
[SourceDate "2022.11.30"]
[SourceVersion "1"]
[SourceVersionDate "2022.11.30"]
[SourceQuality "1"]
[WhiteTeam "Chengdu"]
[BlackTeam "Beijing"]
[WhiteTeamCountry "CHN"]
[BlackTeamCountry "CHN"]

1. d4 d6 2. Nf3 g6 3. g3 Bg7 4. Bg2 Nd7 5. 0-0 e5 6. e4 Ne7 7. a4 0-0 8. Re1 h6 9. Nc3 Kh7 10. a5 a6 11. Be3 Nc6 12. h3 f5 13. exf5 gxf5 14. dxe5 dxe5 15. Nh4 Nf6 16. Bc5 Qxd1 17. Raxd1 Re8 18. Nd5 Nxd5 19. Bxd5 Bf6 20. Bf7 Rg8 21. Bxg8+ Kxg8 22. Ng6 Be6 23. Nf4 Kf7 24. Nxe6 Kxe6 25. b4 h5 26. Kg2 Rg8 27. c4 h4 28. Rd3 e4 29. g4 Ne5 30. Rd5 Kf7 31. Re2 c6 32. Rd6 Nxc4 33. Rd7+ Ke6 34. Rxb7 Ne5 35. Bd4 Nxg4 36. Bxf6 Nxf6+ 37. Kf1 Nd5 38. Rc2 Kd6 39. Rc4 Re8 40. Ra7 Nc7 41. Rd4+ Ke5 42. Rd7 Nd5 43. Rxa6 Rb8 44. Rxc6 1-0

[Event "CHN-chT"]
[Site "Beijing"]
[Date "2012.07.13"]
[Round "9"]
[White "Zeng, Chongsheng"]
[Black "Li, Haoyu"]
[Result "1/2-1/2"]
[WhiteElo "2435"]
[BlackElo "2389"]
[PlyCount "54"]
[EventDate "2012.04.28"]
[EventType "team-tourn"]
[EventRounds "22"]
[EventCountry "CHN"]
[SourceTitle "EXT 2013"]
[Source "ChessBase"]
[SourceDate "2012.11.22"]
[SourceVersion "1"]
[SourceVersionDate "2012.11.22"]
[SourceQuality "1"]
[WhiteTeam "Guangdong"]
[BlackTeam "Tianjin"]
[WhiteTeamCountry "CHN"]
[BlackTeamCountry "CHN"]

1. e4 c5 2. Nf3 d6 3. Bb5+ Bd7 4. Bxd7+ Qxd7 5. 0-0 Nc6 6. Qe2 g6 7. c3 Bg7 8. Rd1 e5 9. b4 cxb4 10. cxb4 Nge7 11. a3 0-0 12. d3 d5 13. Nbd2 Rfd8 14. Bb2 d4 15. Nb3 b6 16. Nfd2 Nc8 17. Rac1 Nd6 18. Nc4 Rac8 19. Nxd6 Qxd6 20. Rc4 a5 21. bxa5 Nxa5 22. Nxa5 bxa5 23. Rdc1 Rxc4 24. Rxc4 Rb8 25. h3 h5 26. Bc1 Qb6 27. Kh2 Kh7 1/2-1/2

[Event "CHN-chT 6th"]
[Site "China"]
[Date "2010.11.03"]
[Round "17"]
[White "Ni, Hua"]
[Black "Li, Haoyu"]
[Result "1-0"]
[WhiteElo "2667"]
[BlackElo "2369"]
[PlyCount "57"]
[EventDate "2010.04.16"]
[EventType "team-tourn"]
[EventRounds "18"]
[EventCountry "CHN"]
[SourceTitle "EXT 2011"]
[Source "ChessBase"]
[SourceDate "2010.11.26"]
[SourceVersion "1"]
[SourceVersionDate "2010.11.26"]
[SourceQuality "1"]

1. e4 e6 2. d4 d5 3. Nd2 Be7 4. e5 c5 5. c3 Nc6 6. Ndf3 cxd4 7. cxd4 Bb4+ 8. Bd2 Qa5 9. Bd3 Bxd2+ 10. Qxd2 Qxd2+ 11. Kxd2 Nge7 12. Ne2 Bd7 13. h4 a6 14. Rac1 Rc8 15. Nf4 Nb4 16. Rxc8+ Bxc8 17. Bb1 Nbc6 18. g4 h6 19. Nh5 0-0 20. g5 hxg5 21. hxg5 Ng6 22. Ke3 Nce7 23. Nf6+ gxf6 24. gxf6 Nf5+ 25. Bxf5 exf5 26. Ng5 f4+ 27. Kd2 Bf5 28. Rh7 Rc8 29. Rxf7 1-0

[Event "CHN-chT 6th"]
[Site "China"]
[Date "2010.10.14"]
[Round "14"]
[White "Ding, Liren"]
[Black "Li, Haoyu"]
[Result "1/2-1/2"]
[WhiteElo "2565"]
[BlackElo "2369"]
[PlyCount "112"]
[EventDate "2010.04.16"]
[EventType "team-tourn"]
[EventRounds "18"]
[EventCountry "CHN"]
[SourceTitle "EXT 2011"]
[Source "ChessBase"]
[SourceDate "2010.11.26"]
[SourceVersion "1"]
[SourceVersionDate "2010.11.26"]
[SourceQuality "1"]

1. d4 Nf6 2. Nf3 e6 3. c4 Bb4+ 4. Nbd2 0-0 5. a3 Bxd2+ 6. Qxd2 d5 7. e3 Nbd7 8. Qc2 dxc4 9. Bxc4 b6 10. e4 Bb7 11. e5 Ne4 12. 0-0 Re8 13. Rd1 Bd5 14. Be3 c6 15. Rac1 f6 16. Bd3 f5 17. Ne1 b5 18. Bf1 Nb6 19. f3 Ng5 20. Nd3 a5 21. Nf4 Nf7 22. Bf2 Rc8 23. Nxd5 Nxd5 24. a4 bxa4 25. Qxa4 Qb6 26. Rc2 Re7 27. Rdc1 Nd8 28. Bc4 Rec7 29. Qa3 Kf7 30. Bb3 Qb4 31. Bxd5 exd5 32. Qd3 g6 33. Qa6 Ne6 34. Rxc6 Qxb2 35. Rxc7+ Rxc7 36. Rxc7+ Nxc7 37. Qf6+ Ke8 38. h3 Kd7 39. Qd6+ Kc8 40. e6 Qb5 41. e7 Ne8 42. Qd8+ Kb7 43. Bg3 a4 44. Qb8+ Ka6 45. Qa8+ Kb6 46. Kh2 Qc6 47. Qb8+ Ka6 48. Qb2 Qb5 49. Qc3 Qc4 50. Qe3 Kb5 51. Qe5 Qc6 52. Qe2+ Qc4 53. Qe5 Qc6 54. Qe2+ Qc4 55. Qe5 Qc6 56. Qe2+ Qc4 1/2-1/2

[Event "CHN-chT 6th"]
[Site "China"]
[Date "2010.10.13"]
[Round "13"]
[White "Zhao, Jun"]
[Black "Li, Haoyu"]
[Result "1-0"]
[WhiteElo "2575"]
[BlackElo "2369"]
[PlyCount "101"]
[EventDate "2010.04.16"]
[EventType "team-tourn"]
[EventRounds "18"]
[EventCountry "CHN"]
[SourceTitle "EXT 2011"]
[Source "ChessBase"]
[SourceDate "2010.11.26"]
[SourceVersion "1"]
[SourceVersionDate "2010.11.26"]
[SourceQuality "1"]

1. d4 Nf6 2. Nf3 e6 3. c4 d5 4. Nc3 Be7 5. Bg5 Nbd7 6. e3 0-0 7. Qb3 c6 8. Bd3 b6 9. 0-0 Bb7 10. cxd5 cxd5 11. Rac1 Rc8 12. Bf4 Ne4 13. Nb5 Rxc1 14. Rxc1 a6 15. Nc7 g5 16. Bg3 Nxg3 17. hxg3 b5 18. a4 Bd6 19. Qc2 Qe7 20. axb5 Rc8 21. bxa6 Rxc7 22. Qd1 Ba8 23. Rxc7 Bxc7 24. Qc2 Bb6 25. Bb5 Qd8 26. Qa4 Nf8 27. Bc6 f6 28. Ne1 Ng6 29. Nd3 Kf7 30. Nc5 Ne7 31. Bxa8 Qxa8 32. Nb7 Kf8 33. Qb5 Ba7 34. b4 Qc8 35. Nc5 Kf7 36. Qd3 f5 37. g4 Kg6 38. gxf5+ exf5 39. Qe2 g4 40. Qb5 Qc6 41. Qa5 Kf7 42. Nd3 Ng6 43. b5 Qd6 44. Qc3 Qd7 45. Qb3 Bb6 46. Nc5 Qd6 47. Nb7 Qd7 48. Nc5 Qd6 49. Na4 Ne7 50. Nxb6 Qxb6 51. Qa2 1-0

[Event "CHN-chT 6th"]
[Site "China"]
[Date "2010.09.11"]
[Round "11"]
[White "Xiu, Deshun"]
[Black "Li, Haoyu"]
[Result "1-0"]
[WhiteElo "2493"]
[BlackElo "2369"]
[PlyCount "91"]
[EventDate "2010.04.16"]
[EventType "team-tourn"]
[EventRounds "18"]
[EventCountry "CHN"]
[SourceTitle "EXT 2011"]
[Source "ChessBase"]
[SourceDate "2010.11.26"]
[SourceVersion "1"]
[SourceVersionDate "2010.11.26"]
[SourceQuality "1"]

1. d4 Nf6 2. Nf3 e6 3. c4 b6 4. g3 Bb7 5. Bg2 Bb4+ 6. Nc3 0-0 7. Bd2 d6 8. 0-0 Nbd7 9. d5 e5 10. Nh4 a5 11. e4 Re8 12. Qc2 Nc5 13. Nf5 c6 14. f4 cxd5 15. exd5 e4 16. Nb5 Bxd2 17. Qxd2 e3 18. Nxe3 Ba6 19. Nc3 Nfe4 20. Nxe4 Nxe4 21. Qd4 Qf6 22. Qxf6 Nxf6 23. Rfe1 g6 24. b3 Nd7 25. Nc2 Nc5 26. Bf1 Kf8 27. Nd4 Rxe1 28. Rxe1 Re8 29. Rxe8+ Kxe8 30. Kf2 Bc8 31. Ke3 Bd7 32. Bd3 Ke7 33. Bc2 h6 34. Kf3 h5 35. h4 f5 36. Ke3 Kd8 37. Kd2 Kc7 38. a3 Nb7 39. b4 Kd8 40. Kc3 Kc7 41. Bd1 Kd8 42. Nc6+ Kc7 43. Ba4 axb4+ 44. axb4 Nd8 45. Nxd8 Bxa4 46. Ne6+ 1-0

[Event "CHN-chT 6th"]
[Site "China"]
[Date "2010.07.26"]
[Round "9"]
[White "Li, Shilong"]
[Black "Li, Haoyu"]
[Result "1-0"]
[WhiteElo "2514"]
[BlackElo "2369"]
[PlyCount "69"]
[EventDate "2010.04.16"]
[EventType "team-tourn"]
[EventRounds "18"]
[EventCountry "CHN"]
[SourceTitle "EXT 2011"]
[Source "ChessBase"]
[SourceDate "2010.11.26"]
[SourceVersion "1"]
[SourceVersionDate "2010.11.26"]
[SourceQuality "1"]

1. d4 Nf6 2. Nf3 e6 3. c4 d5 4. Nc3 c6 5. Bg5 Nbd7 6. cxd5 exd5 7. e3 Be7 8. Bd3 Nh5 9. Bxe7 Qxe7 10. 0-0 0-0 11. Qb1 Nhf6 12. b4 Re8 13. Rc1 h6 14. Na4 Ne4 15. Bxe4 dxe4 16. Nd2 Qh4 17. b5 Nf6 18. Nf1 cxb5 19. Qxb5 Bd7 20. Qb3 b6 21. Nc3 Be6 22. Qb2 Bg4 23. Ne2 Nd5 24. Nc3 Nf6 25. Qb5 Rad8 26. a4 Bd7 27. Qa6 Bg4 28. Qxa7 Bf3 29. Qc7 Nh5 30. Ng3 Rc8 31. Qb7 Rb8 32. Qa6 b5 33. gxf3 exf3 34. Qc6 Qg4 35. h3 1-0

[Event "CHN-chT 6th"]
[Site "China"]
[Date "2010.07.25"]
[Round "8"]
[White "Li, Haoyu"]
[Black "Lou, Yiping"]
[Result "1/2-1/2"]
[WhiteElo "2369"]
[BlackElo "2429"]
[PlyCount "59"]
[EventDate "2010.04.16"]
[EventType "team-tourn"]
[EventRounds "18"]
[EventCountry "CHN"]
[SourceTitle "EXT 2011"]
[Source "ChessBase"]
[SourceDate "2010.11.26"]
[SourceVersion "1"]
[SourceVersionDate "2010.11.26"]
[SourceQuality "1"]

1. d4 Nf6 2. Bg5 e6 3. Nd2 h6 4. Bh4 d5 5. e3 c5 6. c3 Nc6 7. Bd3 e5 8. dxe5 Nxe5 9. Bb5+ Bd7 10. Bxf6 Qxf6 11. Bxd7+ Nxd7 12. Ngf3 Be7 13. Qa4 a6 14. 0-0 b5 15. Qb3 Qc6 16. Rad1 0-0 17. Rfe1 Rfe8 18. Nf1 Nf6 19. e4 Nxe4 20. Qxd5 Qxd5 21. Rxd5 Bf6 22. N1d2 Nxd2 23. Rxd2 c4 24. Kf1 a5 25. Rxe8+ Rxe8 26. a3 b4 27. axb4 axb4 28. cxb4 c3 29. bxc3 Bxc3 30. Re2 1/2-1/2

[Event "All China Games 4th"]
[Site "Hefei"]
[Date "2010.05.20"]
[Round "11"]
[White "Zhao, Xue"]
[Black "Li, Haoyu"]
[Result "1/2-1/2"]
[WhiteElo "2493"]
[BlackElo "2383"]
[PlyCount "131"]
[EventDate "2010.05.17"]
[EventType "swiss (rapid)"]
[EventRounds "11"]
[EventCountry "CHN"]
[SourceTitle "CBM 136 Extra"]
[Source "ChessBase"]
[SourceDate "2010.07.02"]
[SourceVersion "2"]
[SourceVersionDate "2010.07.15"]
[SourceQuality "1"]

1. d4 d6 2. Nf3 g6 3. g3 Bg7 4. Bg2 Nf6 5. c4 0-0 6. Nc3 Nc6 7. 0-0 e5 8. dxe5 Nxe5 9. Nxe5 dxe5 10. Qxd8 Rxd8 11. Bg5 Rd4 12. b3 c6 13. Rad1 Rxd1 14. Rxd1 Be6 15. h3 h6 16. Be3 Bf8 17. f4 Bb4 18. Na4 exf4 19. gxf4 Nd7 20. Kf2 f5 21. Bd4 Kf7 22. e3 Be7 23. Kg3 g5 24. e4 fxe4 25. fxg5 Bd6+ 26. Kf2 hxg5 27. Nc3 Nc5 28. Ke3 Ke7 29. b4 Bf4+ 30. Kf2 Nd3+ 31. Kg1 Rd8 32. Bxa7 e3 33. b5 Bxc4 34. bxc6 bxc6 35. Bxc6 Rh8 36. Bd5 Ba6 37. Bg2 Rd8 38. Rb1 Bc4 39. Bf1 Rd7 40. Bb6 Ne5 41. Bc5+ Kf7 42. Bxc4+ Nxc4 43. Rb4 Nd2 44. Kg2 Ke6 45. Ne2 Kf5 46. a4 Rc7 47. Bb6 Rc8 48. h4 Ne4 49. hxg5 Bxg5 50. Nd4+ Kg4 51. Ne2 Kf5 52. Rb5+ Kg4 53. Rb4 Kf5 54. Rb2 Rg8 55. Nd4+ Kg4 56. a5 Bf6 57. Re2 Nc3 58. Re1 Nd5 59. Ne2 Rh8 60. Rd1 Nxb6 61. axb6 Be5 62. Rd5 Rh2+ 63. Kg1 Rxe2 64. Rxe5 Rb2 65. Rxe3 Rxb6 66. Kf2 1/2-1/2

[Event "All China Games 4th"]
[Site "Hefei"]
[Date "2010.05.18"]
[Round "6"]
[White "Li, Haoyu"]
[Black "Zhao, Jun"]
[Result "0-1"]
[WhiteElo "2383"]
[BlackElo "2574"]
[PlyCount "66"]
[EventDate "2010.05.17"]
[EventType "swiss (rapid)"]
[EventRounds "11"]
[EventCountry "CHN"]
[SourceTitle "CBM 136 Extra"]
[Source "ChessBase"]
[SourceDate "2010.07.02"]
[SourceVersion "2"]
[SourceVersionDate "2010.07.15"]
[SourceQuality "1"]

1. e4 d6 2. d4 Nf6 3. Nc3 g6 4. f3 c6 5. Be3 Nbd7 6. Qd2 b5 7. d5 cxd5 8. Bxb5 dxe4 9. Bc6 Rb8 10. Nxe4 Nxe4 11. fxe4 Bg7 12. Bd4 Bxd4 13. Qxd4 Qa5+ 14. c3 0-0 15. Bxd7 Bxd7 16. b4 Qa3 17. Nf3 Rfc8 18. 0-0 Rxc3 19. Ng5 Be8 20. Ne6 f6 21. h3 Qxb4 22. Qd2 Bf7 23. Rab1 Qxb1 24. Rxb1 Rxb1+ 25. Kh2 Rc8 26. Nf4 Rb5 27. Nd5 Bxd5 28. exd5 Kg7 29. Qe2 Rc7 30. a4 Rbc5 31. Qd2 Rc2 32. Qe3 a5 33. Qb6 R7c5 0-1

[Event "CHN-chT 6th"]
[Site "China"]
[Date "2010.04.18"]
[Round "3"]
[White "Wan, Yunguo"]
[Black "Li, Haoyu"]
[Result "1-0"]
[WhiteElo "2424"]
[BlackElo "2369"]
[PlyCount "121"]
[EventDate "2010.04.16"]
[EventType "team-tourn"]
[EventRounds "18"]
[EventCountry "CHN"]
[SourceTitle "CBM 136 Extra"]
[Source "ChessBase"]
[SourceDate "2010.07.02"]
[SourceVersion "2"]
[SourceVersionDate "2010.07.15"]
[SourceQuality "1"]

1. e4 e5 2. Nf3 Nf6 3. Nxe5 d6 4. Nf3 Nxe4 5. d4 d5 6. Bd3 Be7 7. 0-0 Nc6 8. c4 Nb4 9. Be2 0-0 10. a3 Nc6 11. cxd5 Qxd5 12. Nc3 Nxc3 13. bxc3 Bf5 14. Re1 Rfe8 15. Bf4 Rac8 16. h3 Be4 17. Be3 Bf6 18. Nd2 Bf5 19. Bf3 Qd7 20. g4 Bg6 21. Nc4 h6 22. Qb3 b6 23. Rad1 Be4 24. Ne5 Na5 25. Nxd7 Nxb3 26. Nxf6+ gxf6 27. Bxe4 Rxe4 28. Bxh6 Rce8 29. Rxe4 Rxe4 30. Kf1 f5 31. Re1 Rxe1+ 32. Kxe1 fxg4 33. hxg4 c6 34. Ke2 Na5 35. Kd3 b5 36. Ke4 Nc4 37. Bc1 f6 38. f4 Nd6+ 39. Kd3 f5 40. gxf5 Kf7 41. d5 cxd5 42. Kd4 Ne4 43. c4 bxc4 44. Kxd5 Ng3 45. Kxc4 Nxf5 46. Kb5 Ke6 47. Ka6 Kd5 48. a4 Kc4 49. a5 Kc5 50. Kxa7 Kc6 51. a6 Ne7 52. Ba3 Nd5 53. Kb8 Nb6 54. a7 Nd7+ 55. Kc8 Nb6+ 56. Kd8 Kb7 57. f5 Nd5 58. Bc5 Nf6 59. Bd4 Ng4 60. Kd7 Ka8 61. Kc6 1-0

[Event "CHN-chT Torch Real Estate Cup"]
[Site "Jiangsu Wuxi"]
[Date "2008.10.29"]
[Round "11"]
[White "Peng, Xiaomin"]
[Black "Li, Haoyu"]
[Result "1-0"]
[WhiteElo "2590"]
[BlackElo "2328"]
[PlyCount "63"]
[EventDate "2008.05.19"]
[EventType "team-tourn"]
[EventRounds "12"]
[EventCountry "CHN"]
[SourceTitle "EXT 2009"]
[Source "ChessBase"]
[SourceDate "2008.11.26"]
[SourceVersion "1"]
[SourceVersionDate "2008.11.26"]
[SourceQuality "1"]

1. e4 e6 2. d4 d5 3. e5 c5 4. c3 Nc6 5. Nf3 Qb6 6. a3 Nh6 7. Bd3 cxd4 8. cxd4 Bd7 9. Bc2 Nf5 10. Bxf5 exf5 11. Nc3 Be6 12. h4 Qa6 13. Ne2 Bb4+ 14. Kf1 Be7 15. Rb1 Na5 16. Bg5 h6 17. Bxe7 Kxe7 18. Kg1 Rhc8 19. Nf4 Qc6 20. Ne1 b6 21. Rh3 g5 22. hxg5 hxg5 23. Nxe6 Qxe6 24. Qh5 Rg8 25. Rc1 Nc6 26. Nf3 Rac8 27. Nxg5 Qg6 28. Qxg6 Rxg6 29. f4 Rcg8 30. Rh7 Nxd4 31. Rc7+ Kd8 32. Rxa7 1-0

[Event "CHN-chT Torch Real Estate Cup"]
[Site "Jiangsu Wuxi"]
[Date "2008.05.20"]
[Round "8"]
[White "Ni, Hua"]
[Black "Li, Haoyu"]
[Result "1-0"]
[WhiteElo "2704"]
[BlackElo "2328"]
[PlyCount "100"]
[EventDate "2008.05.19"]
[EventType "team-tourn"]
[EventRounds "12"]
[EventCountry "CHN"]
[SourceTitle "EXT 2009"]
[Source "ChessBase"]
[SourceDate "2008.11.26"]
[SourceVersion "1"]
[SourceVersionDate "2008.11.26"]
[SourceQuality "1"]

1. e4 e5 2. Nf3 Nf6 3. Nxe5 d6 4. Nf3 Nxe4 5. d4 d5 6. Bd3 Be7 7. 0-0 Nc6 8. c4 Nb4 9. Be2 0-0 10. a3 Nc6 11. Nc3 Nxc3 12. bxc3 Bf5 13. Re1 Re8 14. Bf4 dxc4 15. Bxc4 Bd6 16. Rxe8+ Qxe8 17. Ng5 Bg6 18. Bxd6 cxd6 19. h4 Qe7 20. Qg4 h6 21. Nh3 Qe4 22. Qg3 Na5 23. Ba2 Qd3 24. Rf1 Qxg3 25. fxg3 Rf8 26. Nf4 Bc2 27. Re1 Bb3 28. Bxb3 Nxb3 29. Re7 Na5 30. Nd5 Rb8 31. Rc7 a6 32. Ne7+ Kf8 33. Nc8 d5 34. Nd6 Rd8 35. Nxf7 Re8 36. Ne5 Nc4 37. Ng6+ Kg8 38. Ne7+ Kf8 39. Ng6+ Kg8 40. Rxb7 Nxa3 41. Ne7+ Kf8 42. Nxd5 Nb5 43. Rb6 Rc8 44. Rxa6 Nxc3 45. Nf4 Ne4 46. Ra7 Rc1+ 47. Kh2 g5 48. Ne6+ Ke8 49. hxg5 hxg5 50. g4 Rd1 1-0